000 00996nam a2200289 i 4500
001 bg
100 1 _aPaszke, Wojciech
_d(1975- )
245 1 0 _aAnalysis and synthesis of multidimensional system classes using linear matrix inequality methods /
_cWojciech Paszke.
260 _aZielona Góra :
_bUniversity of Zielona Góra Press,
_c2005.
300 _a185 s. :
_bil. ;
_c24 cm.
490 1 _aLecture Notes in Control and Computer Science ;
_vvol. 8
500 _aPublikacja częściowo sfinansowana z funduszy Komitetu Badań Naukowych.
504 _aBibliogr. s. 171-185.
650 9 _aAnaliza numeryczna
650 9 _aMacierze
650 9 _aNierówności (mat.)
650 9 _aSterowanie
_xteoria
830 _aLecture Notes in Control and Computer Science ;
015 _aPB 18626/2006
020 _a8389712814
040 _cBPK
041 0 _aeng
080 _a512.64:519.61/.64:519.7
920 _a83-89712-81-4
942 _cKS
008 s pl f |000 0 pol
999 _c53650
_d53650
856 _uhttp://koha.tu.koszalin.pl/cgi-bin/koha/opac-detail.pl?biblionumber=53650
_yKatalog online BPK